Román Tajuplný plameň kráľovnej Loany od Umberta Eca

Podrobná bibliografia
Hlavný autor: Štrompová, Alena (Autor)
Médium: Článok
Jazyk:slovenčina
Fyzický popis:Fotogr.
ISSN:1335-9959
Predmet:

MARC

LEADER 00000nab a2200000 ar4500
001 vtls008627054
003 SK-MaSNL
005 20260303072442.0
008 060301c2006 xo mr|p|||||||000 b|slo
015 |a SNBRB2006/02  |2 snkbucl 
038 |a SNKBUCL 
040 |a SNKBUCL  |b slo  |c SNKBUCL  |e AACR2 
041 0 |a slo 
044 |a xo  |c SK 
080 |a 82.09:821.131.1-31  |x (048)  |2 2001 
080 |a 821.131.1-31  |x (048)  |2 2001 
100 1 |a Štrompová, Alena  |4 aut  |9 589002 
245 1 0 |a Román Tajuplný plameň kráľovnej Loany od Umberta Eca  |c Alena Štrompová 
300 |b Fotogr. 
650 0 7 |a spoločenské romány  |2 snkbucl  |9 340433 
655 7 |a recenzie  |2 snkbucl  |9 21907 
655 7 |a talianske romány  |2 snkbucl  |9 70617 
773 0 |t Dimenzie  |g Roč. 6., č. 2 (2006), s. 54  |x 1335-9959 
787 0 8 |i Rec.:  |a Eco, Umberto, 1932-  |t Tajuplný plameň kráľovnej Loany  |d Bratislava : Slovart, 2005  |z 8080850445 
852 |a SNK  |b KIS3GCP 
958 |a LX 
958 |a RC 
958 |a IT 
999 |c 1763524  |d 1765454